00951nam a2200217 a 450000100060000000300080000600500170001400800390003102000220007003500190009204000320011104100080014308200250015124502020017626000550037830000250043350000750045850400390053365000380057271001230061036663BD-RjUL20211209052521.0140806s1986 dcu b 101 0 eng a0309036275 (pbk.) a(BD-RjUL)36764 aDLCcDLCdDLCdBD-RjULbeng aeng00a363.78219bPES 198600aPesticide resistance :bstrategies and tactics for management /cCommittee on Strategies for the Management of Pesticide Resistant Pest Populations, Board on Agriculture, National Research Council. aWashington, D.C. :bNational Academy Press,c1986. axi, 471 p. ;c23 cm. aContains papers from a symposium held in Washington, Nov. 27-29, 1984. aIncludes bibliographies and index. 0aPesticide resistancexCongresses.2 aNational Research Council (U.S.).bCommittee on Strategies for the Management of Pesticide Resistant Pest Populations.